Statistics for Flags with the most Blue

Click here to take the quiz!

General Stats

  • This quiz has been taken 30 times
  • The average score is 26 of 30

Answer Stats

Answer% Correct
Argentina
100%
Australia
100%
Cuba
100%
Finland
100%
Greece
100%
Iceland
100%
New Zealand
100%
Uruguay
100%
kosovo
96%
Barbados
93%
Estonia
93%
Kazakhstan
93%
Haiti
89%
Nicaragua
89%
Bosnia And Herzegovina
85%
Cambodia
85%
Honduras
85%
Laos
85%
Marshall Islands
85%
Somalia
85%
Democratic republic of the Congo
81%
El Salvador
81%
Nauru
81%
Belize
78%
Botswana
78%
Liechtenstein
78%
St Lucia
78%
Micronesia
74%
Tuvalu
67%
Cape Verde
63%

Score Distribution

Percentile by Number Answered

Percent of People with Each Score

Your Score History

You have not taken this quiz